000 00374nam a22001457a 4500
005 20250916144738.0
008 250916b |||||||| |||| 00| 0 eng d
020 _a9798887150079
050 _aSF 251.O45 2023
100 _aLIVER RICHARD
245 _aDAIRY CHEMISTRY AND ANIMAL NUTRITION
260 _aNEWYORK
_bORYSON PRESS
_c2023
300 _aX,280
942 _2lcc
_cBK
999 _c216120
_d216120